[Event "Hampstead U2200 July 2014"]
[Site "Hampstead, UK"]
[Date "2014.07.05"]
[Round "3"]
[White "Yiamakis, Albert"]
[Black "Samadov, Samir"]
[Result "1/2-1/2"]
[WhiteElo "1785"]
[BlackElo "1648"]
[EventType "swiss"]
[EventRounds "5"]

1. b3 d5 2. Bb2 Nc6 3. e3 a6 4. Nf3 Bg4 5. h3 Bh5 6. d4 e6 7. Bd3 Bxf3 8. Qxf3
Qf6 9. Qe2 Nb4 10. Nc3 Bd6 11. O-O-O c6 12. Kb1 Nxd3 13. Rxd3 Qg6 14. e4 O-O-O
15. e5 Bb4 16. Rg3 Qf5 17. Rxg7 Bf8 18. Rg3 c5 19. Bc1 h6 20. Be3 cxd4 21.
Bxd4 Ne7 22. Qf3 Qh7 23. Qd3 Nf5 24. Rf3 Nh4 25. Qxh7 Rxh7 26. Rg3 Rg7 27. Rg1
b5 28. Rxg7 Bxg7 29. f4 Kb7 30. g4 Nf3 31. Rd1 Nxd4 32. Rxd4 f6 33. exf6 Bxf6
34. Rd3 Rf8 35. Ne2 Kc6 36. c3 Re8 37. Kc2 e5 38. fxe5 Rxe5 39. Nd4+ Kc5 40.
Rf3 Bg5 41. Rf8 Re3 42. Rf3 Rxf3 43. Nxf3 b4 44. h4 Bf6 45. cxb4+ Kxb4 46. g5
hxg5 47. hxg5 Bg7 48. a4 a5 49. g6 d4 50. Nd2 Kc5 51. Kd3 Kb4 52. Nc4 Kxb3 53.
Nxa5+ Kxa4 54. Nc6 Kb5 55. Nxd4+ Kb6 56. Ke4 Kb7 57. Kd5 Kc8 58. Ne6 Bf6 59.
Kd6 Kb7 60. Kd7 Kb6 61. Kd6 Kb7 62. Kd7 Kb6 63. Nf4 Kb7 64. Ke6 Bh8 65. Kf7
Kb8 {#d} 1/2-1/2

[Event "Hampstead U2200 July 2014"]
[Site "Hampstead, UK"]
[Date "2014.07.05"]
[Round "3"]
[White "Chauhan, Pranay"]
[Black "Finnegan, Oliver"]
[Result "0-1"]
[WhiteElo "1536"]
[BlackElo "1766"]
[EventType "swiss"]
[EventRounds "5"]

1. d4 Nf6 2. Nf3 b6 3. Bg5 Ne4 4. Bh4 Bb7 5. e3 h6 6. Nc3 Nxc3 7. bxc3 d6 8.
Bd3 Nd7 9. O-O g5 10. Bg3 e6 11. e4 h5 12. h3 Qf6 13. Qd2 Bh6 14. Qe2 g4 15.
hxg4 hxg4 16. Nh2 O-O-O 17. Nxg4 Qg7 18. f3 Rdg8 19. Be1 Nf6 20. Bd2 Bxd2 21.
Qxd2 Nxg4 22. fxg4 Qxg4 23. Rxf7 Qh5 {#R} 0-1

[Event "Hampstead U2200 July 2014"]
[Site "Hampstead, UK"]
[Date "2014.07.05"]
[Round "3"]
[White "Jarek, Katherine"]
[Black "Jina, Asha"]
[Result "1-0"]
[WhiteElo "1931"]
[BlackElo "1504"]
[EventType "swiss"]
[EventRounds "5"]

1. d4 Nf6 2. c4 g6 3. Nc3 Bg7 4. e4 d6 5. Nf3 O-O 6. Be2 e5 7. O-O Nfd7 8. d5
a5 9. Ne1 Na6 10. Nd3 Nac5 11. Be3 b6 12. f3 f5 13. Qd2 f4 14. Bf2 Ba6 15. Nb5
Bxb5 16. cxb5 Qg5 17. b3 Qh6 18. Qc2 g5 19. Nxc5 Nxc5 20. a3 Rfc8 21. b4 Nd7
22. Qc6 Nf6 23. bxa5 bxa5 24. b6 cxb6 25. Qxd6 Rab8 26. Rac1 Ne8 27. Qxh6 Bxh6
28. Rxc8 Rxc8 29. Bxb6 a4 30. Bd1 Nd6 31. Ba5 Bf8 32. Bb4 Nc4 33. Bxa4 Ra8 34.
Bc6 Ra6 35. Bb5 Rxa3 36. Bxa3 Nxa3 37. Bd3 Bc5+ 38. Kh1 Kf8 39. Rc1 Bd6 40.
Kg1 Ke7 41. Kf1 Kd7 42. Ke2 h5 43. Rc6 Ke7 44. h3 h4 45. Kd1 Kd7 46. Kc1 Be7
47. Kb2 Bd6 48. Ra6 Kc7 49. Rxa3 Bxa3+ 50. Kxa3 Kb7 51. Kb4 Kb6 52. Bb5 Kc7
53. Kc5 {#r} 1-0

[Event "Hampstead U2200 July 2014"]
[Site "Hampstead, UK"]
[Date "2014.07.05"]
[Round "3"]
[White "Xu, David"]
[Black "Jacob, Sydney"]
[Result "0-1"]
[WhiteElo "1540"]
[BlackElo "1912"]
[EventType "swiss"]
[EventRounds "5"]

1. c4 g6 2. g3 Bg7 3. Bg2 c5 4. Nf3 Nf6 5. O-O O-O 6. Nc3 d6 7. d4 Nc6 8. e3
a6 9. b3 Rb8 10. Bb2 Bf5 11. Re1 Nb4 12. e4 Bg4 13. Rc1 Nd7 14. a3 Nc6 15. Ne2
cxd4 16. Nexd4 Nde5 17. Nxc6 bxc6 18. Rc2 Rxb3 19. Re3 Bxf3 20. Bxf3 Nxf3+ 21.
Rxf3 Rxb2 22. Rxb2 Bxb2 23. Qb1 Bd4 24. Rd3 e5 25. Qb4 Qb8 {#R} 0-1

[Event "Hampstead U2200 July 2014"]
[Site "Hampstead, UK"]
[Date "2014.07.05"]
[Round "3"]
[White "Huang, Dion"]
[Black "Mandnikar, Atreya"]
[Result "0-1"]
[WhiteElo "1759"]
[BlackElo "1561"]
[EventType "swiss"]
[EventRounds "5"]

1. d4 d5 2. Nf3 e6 3. c4 c5 4. e3 Nf6 5. Nc3 Nc6 6. Be2 Bd6 7. O-O O-O 8. a3
a6 9. Qc2 Re8 10. Rd1 cxd4 11. exd4 Qc7 12. Bg5 Be7 13. Bxf6 Bxf6 14. cxd5
exd5 15. Nxd5 Qd8 16. Nxf6+ Qxf6 17. d5 Ne5 18. Nxe5 Qxe5 19. Bf3 Bf5 20. Qc3
Qxc3 21. bxc3 Rac8 22. d6 Rxc3 23. Bxb7 a5 24. Rd5 Rxa3 25. Rc1 Rc3 26. Rcd1
Be6 27. Rxa5 Rd8 28. h3 g6 29. Ra6 Kf8 30. Kf1 Bc4+ 31. Ke1 Bxa6 32. Bxa6 Rc6
33. Bb5 Rcxd6 34. Rxd6 Rxd6 35. f3 Ke7 36. Ke2 Kf6 37. f4 Rb6 38. Bc4 Rb4 39.
Bd5 Rxf4 40. Ke3 Ke5 41. Bb7 Rb4 42. Bc6 Rb3+ 43. Kf2 Kf4 44. Bd5 Rb2+ 45. Kf1
Kg3 46. Bxf7 Rf2+ {#R} 0-1

[Event "Hampstead U2200 July 2014"]
[Site "Hampstead, UK"]
[Date "2014.07.05"]
[Round "3"]
[White "Oliveri, Claudio"]
[Black "Winter, Malcolm J"]
[Result "1/2-1/2"]
[WhiteElo "1687"]
[BlackElo "1542"]
[EventType "swiss"]
[EventRounds "5"]

1. e4 c6 2. d4 d5 3. exd5 cxd5 4. c4 Nf6 5. Nc3 Nc6 6. Bg5 Be6 7. a3 h6 8. Bh4
g5 9. Bg3 dxc4 10. Nge2 Bg7 11. Nb5 Rc8 12. Qa4 a6 13. Na7 Ra8 14. Nxc6 bxc6
15. Qxc6+ Bd7 16. Qxc4 Bb5 17. Qb3 O-O 18. a4 Bxe2 19. Bxe2 Qxd4 20. O-O Ne4
21. Qb7 Nxg3 22. hxg3 Qxb2 23. Bxa6 Qxb7 24. Bxb7 Ra7 25. Rab1 Rxa4 26. Rfd1
e6 27. Rd7 Ra1 28. Rxa1 Bxa1 29. Rc7 Kg7 30. Rc8 Rxc8 31. Bxc8 Kf6 32. Kf1 Bd4
33. Ke2 h5 34. Bb7 Ba7 35. f3 Bb8 36. Kf2 Kf5 37. Be4+ Ke5 38. Bc6 h4 39. gxh4
gxh4 40. Ke2 Kf4 41. Kf1 Ba7 42. Bb7 e5 43. Bd5 f6 44. Bc6 f5 45. Bb7 e4 46.
fxe4 fxe4 47. Bd5 Ke3 48. Bc6 Kd3 49. Bb5+ Kd2 50. Ba6 e3 {#d} 1/2-1/2

[Event "Hampstead U2200 July 2014"]
[Site "Hampstead, UK"]
[Date "2014.07.05"]
[Round "3"]
[White "Gergelova, Monika"]
[Black "Sheremetyeva, Elizaveta"]
[Result "0-1"]
[WhiteElo "1268"]
[BlackElo "1672"]
[EventType "swiss"]
[EventRounds "5"]

1. d4 f5 2. Nf3 Nf6 3. e3 d5 4. Bd3 g6 5. c3 Bg7 6. Nbd2 O-O 7. O-O c6 8. Ne5
Nbd7 9. f4 Nxe5 10. fxe5 Ne4 11. Nxe4 dxe4 12. Bc4+ e6 13. Qe1 Qc7 14. b4 b6
15. Ba3 Re8 16. Qg3 a5 17. Rf4 axb4 18. Bb2 bxc3 19. Bxc3 c5 20. Bb5 Rd8 21.
a4 cxd4 22. exd4 Ba6 23. Bf1 Bxe5 24. dxe5 Bxf1 25. Rfxf1 Rd3 26. Qg5 Qxc3 27.
Qf6 Qc6 28. Rfc1 Qd7 29. Qh4 Rd8 30. Qe1 Qd4+ 31. Kf1 Qxe5 {#R} 0-1

[Event "Hampstead U2200 July 2014"]
[Site "Hampstead, UK"]
[Date "2014.07.05"]
[Round "3"]
[White "Balouka Myers, Gabriel"]
[Black "Olutola, Taiwo"]
[Result "0-1"]
[WhiteElo "1578"]
[BlackElo "1538"]
[EventType "swiss"]
[EventRounds "5"]

1. d4 d5 2. c4 e6 3. Nc3 Nf6 4. Bg5 Be7 5. Nf3 O-O 6. e3 Nbd7 7. Bd3 dxc4 8.
Bxc4 Nd5 9. Bxe7 Nxe7 10. Bd3 b6 11. Qc2 h6 12. Nb5 c6 13. Be4 Bb7 14. Nd6 Qc7
15. Nxb7 Qxb7 16. Rc1 Rac8 17. O-O Nd5 18. Bxd5 cxd5 19. Qd2 Nf6 20. Rxc8 Rxc8
21. Rc1 Ne4 22. Qd1 Rxc1 23. Qxc1 Qa6 24. Qc2 Qxa2 25. Kf1 Qc4+ 26. Qxc4 dxc4
27. Ne5 Nd6 28. Nc6 a5 29. Ke2 Kf8 30. Kd2 f6 31. f3 Ke8 32. e4 Kd7 33. d5
exd5 34. exd5 Nb5 35. Ke3 Kd6 36. Ke4 g6 37. Nd4 Nxd4 38. Kxd4 b5 39. g4 f5
40. gxf5 gxf5 41. f4 h5 42. h4 a4 43. Kc3 Kxd5 44. Kb4 Kc6 {#R} 0-1

[Event "Hampstead U2200 July 2014"]
[Site "Hampstead, UK"]
[Date "2014.07.05"]
[Round "3"]
[White "Balouka Myers, Reuben"]
[Black "Jain, Gautam"]
[Result "0-1"]
[WhiteElo "1488"]
[BlackElo "1714"]
[EventType "swiss"]
[EventRounds "5"]

1. e4 e5 2. Nf3 Nc6 3. Bb5 a6 4. Bxc6 dxc6 5. O-O Bd6 6. d4 exd4 7. Qxd4 f6 8.
Re1 Ne7 9. e5 fxe5 10. Nxe5 O-O 11. Qc4+ Nd5 12. Nc3 Qf6 13. Nf3 Be6 14. Bg5
Qf7 15. Re2 Nf4 16. Qd5 Nxe2+ 17. Kf1 Bxd5 18. Bf6 Qxf6 19. Ne4 Bxe4 20. Rc1
Nxc1 21. g4 Qxf3 22. Ke1 Qe2# 0-1

[Event "Hampstead U2200 July 2014"]
[Site "Hampstead, UK"]
[Date "2014.07.05"]
[Round "3"]
[White "Mospan, Edward"]
[Black "Sonnis, Steve"]
[Result "0-1"]
[WhiteElo "1600"]
[BlackElo "1699"]
[EventType "swiss"]
[EventRounds "5"]

1. e4 e5 2. Nf3 d6 3. Bc4 Nf6 4. Nc3 Be7 5. O-O c6 6. d4 Nbd7 7. Ng5 O-O 8.
Nf3 b5 9. Bd3 a5 10. a4 b4 11. Ne2 c5 12. dxe5 dxe5 13. Ng3 Qc7 14. Bc4 Bb7
15. Re1 Nb6 16. Qe2 Nxc4 17. Qxc4 Ba6 18. Qa2 c4 19. c3 b3 20. Qb1 Rfd8 21.
Bg5 h6 22. Be3 Nd7 23. Qc1 Nc5 24. Bxc5 Bxc5 25. Nf5 f6 26. N3h4 Qf7 27. Rd1
Bb7 28. Rxd8+ Rxd8 29. Qe1 Qh5 30. g3 Bc8 31. Qf1 Rd3 32. Kg2 Rd2 33. Qxc4+
Kh7 34. Qxc5 Bb7 35. Qc4 Rxb2 36. Ne7 Qe8 37. Nhf5 g6 38. Nd6 Qxe7 39. Rd1 f5
40. Nxb7 Qxb7 41. Rd5 Qf7 42. Qc6 Rxf2+ 43. Kh3 g5 44. Rd7 g4+ 45. Kh4 Rxh2#
0-1

[Event "Hampstead U2200 July 2014"]
[Site "Hampstead, UK"]
[Date "2014.07.06"]
[Round "4"]
[White "Haribalu, V."]
[Black "Jaunooby, Ali R"]
[Result "1-0"]
[WhiteElo "2176"]
[BlackElo "2186"]
[EventType "swiss"]
[EventRounds "5"]

1. e4 c6 2. Nf3 d5 3. Nc3 Bg4 4. h3 Bxf3 5. Qxf3 Nf6 6. e5 Nfd7 7. d4 e6 8.
Be3 c5 9. dxc5 Nc6 10. O-O-O Bxc5 11. Bxc5 Nxc5 12. Qg3 O-O 13. f4 f5 14. Kb1
Qe7 15. Nb5 Ne4 16. Qe3 a6 17. Nd4 Nxd4 18. Rxd4 Qh4 19. Rg1 Qg3 20. Rxe4 Qh2
21. Rd4 g5 22. g3 Rac8 23. Rd2 d4 24. Rxh2 dxe3 25. Bd3 gxf4 26. gxf4+ Kf7 27.
Rhg2 Ke7 28. Rg7+ Rf7 29. Kc1 Rd8 30. Kd1 Rd4 31. Rxf7+ Kxf7 32. Rf1 Rd8 33.
Ke2 Rg8 34. Kf3 h5 35. Re1 h4 36. Rxe3 Rg1 37. Kf2 Rb1 38. b3 Rh1 39. Bf1 {#r}
1-0

[Event "Hampstead U2200 July 2014"]
[Site "Hampstead, UK"]
[Date "2014.07.06"]
[Round "4"]
[White "Jyothilal, Narayanan"]
[Black "Kahn, Tito"]
[Result "0-1"]
[WhiteElo "2056"]
[BlackElo "1975"]
[EventType "swiss"]
[EventRounds "5"]

1. d4 d5 2. Nf3 Nf6 3. c4 c6 4. Nc3 dxc4 5. a4 Qa5 6. g3 b5 7. Bd2 b4 8. Na2
e5 9. dxe5 Ne4 10. Bg2 c3 11. bxc3 bxc3 12. Nxc3 Nxc3 13. Qb3 Bb4 14. Rb1 Na6
15. Nd4 Nxb1 16. Bxc6+ Bd7 17. Bxd7+ Kf8 {#R} 0-1

[Event "Hampstead U2200 July 2014"]
[Site "Hampstead, UK"]
[Date "2014.07.06"]
[Round "4"]
[White "Krzyzanowski, Patryk"]
[Black "Barasi, Paul"]
[Result "0-1"]
[WhiteElo "2006"]
[BlackElo "1872"]
[EventType "swiss"]
[EventRounds "5"]

1. d4 d5 2. c4 Nc6 3. Nf3 Bg4 4. cxd5 Bxf3 5. exf3 Qxd5 6. Be3 e5 7. Nc3 Bb4
8. dxe5 Qxe5 9. Be2 Nge7 10. O-O O-O 11. f4 Qa5 12. a3 Bxc3 13. bxc3 Qxc3 14.
Qb1 Rab8 15. Rc1 Qf6 16. Rc5 Rfd8 17. Bc4 Rd6 18. g3 Rbd8 19. Kg2 b6 20. Rh5
g6 21. Rh3 Nf5 22. g4 Nxe3+ 23. fxe3 Rd2+ 24. Kg1 Qc3 25. Bf1 Na5 26. Qe1 Nb3
27. Rb1 R8d7 28. Rd1 Qf6 29. Rxd2 Nxd2 30. Be2 Ne4 31. Bf3 Nc5 32. Rg3 Rd3 33.
f5 Rxa3 34. fxg6 Ra1 35. gxf7+ Kf8 36. Bd1 Qd6 37. Kg2 Rxd1 38. Qc3 Qd2+ 39.
Qxd2 Rxd2+ 40. Kh3 Ne4 41. Rg1 Kxf7 42. Rf1+ Kg7 43. Rf4 Ng5+ 44. Kh4 Ne6 45.
Re4 Kf6 46. h3 a5 47. Rc4 Rb2 48. Rc1 a4 49. Rf1+ Ke7 50. Kh5 a3 51. Kh6 Rh2
52. Kxh7 Rxh3+ 53. Kg6 Rxe3 54. g5 Rg3 55. Rf7+ Kd6 {#R} 0-1

[Event "Hampstead U2200 July 2014"]
[Site "Hampstead, UK"]
[Date "2014.07.06"]
[Round "4"]
[White "Millward, David J"]
[Black "Bonafont, Philip"]
[Result "1-0"]
[WhiteElo "1859"]
[BlackElo "2056"]
[EventType "swiss"]
[EventRounds "5"]

1. e4 c5 2. Nc3 d6 3. f4 g6 4. Nf3 Bg7 5. Bb5+ Bd7 6. Bxd7+ Qxd7 7. O-O Nc6 8.
d3 Nh6 9. Qe2 f5 10. Be3 Ng4 11. Bd2 O-O 12. Rae1 Rae8 13. g3 e6 14. h3 Nh6
15. Be3 b6 16. Nd1 d5 17. exd5 exd5 18. Qd2 d4 19. Bf2 Qd5 20. Rxe8 Rxe8 21.
Ng5 Qxa2 22. Re1 Rxe1+ 23. Qxe1 Qd5 24. Qe8+ Bf8 25. Ne6 {#r} 1-0

[Event "Hampstead U2200 July 2014"]
[Site "Hampstead, UK"]
[Date "2014.07.06"]
[Round "4"]
[White "Briggs, John"]
[Black "Willmoth, Robert"]
[Result "0-1"]
[WhiteElo "1960"]
[BlackElo "2159"]
[EventType "swiss"]
[EventRounds "5"]

1. Nf3 d6 2. d4 Bg4 3. c4 Bxf3 4. gxf3 c6 5. Nc3 g6 6. e4 Bg7 7. Be3 Nd7 8. h4
Ngf6 9. f4 Qa5 10. Qd2 c5 11. d5 a6 12. h5 Nxh5 13. Bh3 Nhf6 14. e5 dxe5 15.
f5 gxf5 16. Bxf5 Qb4 17. Rg1 Bf8 18. b3 h5 19. Rb1 h4 20. Bh3 Qa5 21. a3 Qxa3
22. Qc2 Qa5 23. Ke2 Bh6 24. Bxd7+ Nxd7 25. Bxh6 Rxh6 26. Ra1 Qc7 27. Rg8+ Nf8
28. Qf5 Rf6 29. Qh3 Rg6 30. Rh8 e4 31. d6 Qxd6 32. Rd1 Qe6 33. Nd5 Rc8 34.
Qxe6 fxe6 35. Nb6 Rc6 36. Nd7 Rf6 37. Nxf6+ exf6 38. Rxh4 f5 39. Rh8 Rb6 40.
Rg8 Kf7 41. Rh8 Ng6 {#R} 0-1

[Event "Hampstead U2200 July 2014"]
[Site "Hampstead, UK"]
[Date "2014.07.06"]
[Round "4"]
[White "Bratholm, Palle"]
[Black "Landau, Jonathan"]
[Result "0-1"]
[WhiteElo "2158"]
[BlackElo "1945"]
[EventType "swiss"]
[EventRounds "5"]

1. e4 e5 2. Nf3 Nc6 3. Bb5 f5 4. Nc3 fxe4 5. Nxe4 d5 6. Nxe5 dxe4 7. Nxc6 Qd5
8. c4 Qd6 9. Qh5+ g6 10. Qe5+ Qxe5 11. Nxe5+ c6 12. Ba4 Bg7 13. d4 exd3 14.
Nxd3 Bf5 15. Ke2 O-O-O 16. Rd1 Nf6 17. Ne1 Rxd1 18. Bxd1 Re8+ 19. Kf1 Ng4 20.
Nf3 Nxh2+ 21. Kg1 Nxf3+ 22. Bxf3 Re1+ 23. Kh2 Bh6 24. Bxh6 Rxa1 25. a3 Rb1 26.
Bg7 Be6 27. c5 Rc1 28. Bc3 Kd7 29. Kg3 Bf5 30. Kf4 h5 31. Bxh5 gxh5 32. Kxf5
Rc2 33. Bd4 Rd2 34. Ke4 h4 35. Ke3 Rc2 36. Kd3 Rc1 37. Be3 Rg1 {#R} 0-1

[Event "Hampstead U2200 July 2014"]
[Site "Hampstead, UK"]
[Date "2014.07.06"]
[Round "4"]
[White "Finnegan, Oliver"]
[Black "Atako, Chino C"]
[Result "0-1"]
[WhiteElo "1766"]
[BlackElo "2042"]
[EventType "swiss"]
[EventRounds "5"]

1. d4 d5 2. c4 e5 3. dxe5 d4 4. Nf3 Nc6 5. g3 Nge7 6. Bg5 Bg4 7. Bg2 Qd7 8.
Nbd2 h6 9. Bxe7 Bxe7 10. a3 O-O-O 11. O-O h5 12. b4 Qe6 13. Qa4 Kb8 14. Rac1
h4 15. b5 Nxe5 16. c5 hxg3 17. fxg3 Bh3 18. Bxh3 Qxh3 19. b6 axb6 20. cxb6
cxb6 21. Qb5 Bc5 22. Rxc5 bxc5 23. Qxc5 Nxf3+ 24. Nxf3 Qh5 25. Qb4 Qd5 26. Rb1
Rd6 27. Qb2 f6 28. Nxd4 Qxd4+ {#R} 0-1

[Event "Hampstead U2200 July 2014"]
[Site "Hampstead, UK"]
[Date "2014.07.06"]
[Round "4"]
[White "Stern, Robert"]
[Black "Brozel, Sacha"]
[Result "1/2-1/2"]
[WhiteElo "1932"]
[BlackElo "1769"]
[EventType "swiss"]
[EventRounds "5"]

1. e4 c5 2. Nf3 e6 3. c3 d5 4. exd5 Qxd5 5. d4 Nf6 6. Be3 cxd4 7. cxd4 Bb4+ 8.
Nc3 O-O 9. Bd3 Nc6 10. O-O Bxc3 11. bxc3 b6 12. Qc2 h6 13. Rfe1 Bb7 14. Rad1
Rac8 15. c4 Qd8 16. Qc3 Qc7 17. Rc1 Ne7 18. Ne5 Nc6 19. Nf3 Rfd8 20. Red1 Qb8
21. Be2 Ne7 22. Qb3 Nf5 23. Ne5 Nh4 24. g3 Nf5 25. Bf3 Bxf3 26. Nxf3 Qa8 27.
Ne5 Qe4 28. Qd3 {#d} 1/2-1/2

[Event "Hampstead U2200 July 2014"]
[Site "Hampstead, UK"]
[Date "2014.07.06"]
[Round "4"]
[White "Samadov, Samir"]
[Black "Jarek, Katherine"]
[Result "0-1"]
[WhiteElo "1648"]
[BlackElo "1931"]
[EventType "swiss"]
[EventRounds "5"]

1. e4 c6 2. d4 d5 3. exd5 cxd5 4. c4 e6 5. Nc3 Nf6 6. Bg5 Be7 7. cxd5 Nxd5 8.
Bxe7 Nxe7 9. Nf3 O-O 10. Bc4 Nd7 11. O-O Nf6 12. Re1 a6 13. Qc2 b5 14. Bd3 Bb7
15. Ne4 Nxe4 16. Bxe4 Bxe4 17. Qxe4 Qd5 18. Qe5 Rac8 19. Qxd5 Nxd5 20. Re2 Rc7
21. g3 Rfc8 22. Rd1 Rc1 23. Rxc1 Rxc1+ 24. Kg2 Kf8 25. Ne5 Ke7 26. Rd2 Nb4 27.
a3 Rc2 28. Rxc2 Nxc2 29. Nc6+ Kd6 30. Nd8 f6 31. Nb7+ Kd5 32. Nc5 a5 33. Na6
Nxd4 34. Nc7+ Kc4 35. Ne8 Kb3 36. Nxg7 Kxb2 37. Nh5 Kxa3 38. Nxf6 b4 39. Nxh7
b3 40. h4 b2 41. h5 b1=Q 42. Ng5 Qf5 43. f4 e5 44. h6 exf4 45. h7 Qxg5 46.
h8=Q Qxg3+ 47. Kh1 Qe1+ 48. Kg2 Qe4+ 49. Kh2 Nb3 50. Qf8+ Kb2 51. Qh8+ Qd4 52.
Qa8 a4 53. Kh3 f3 54. Qe8 a3 55. Kg3 a2 56. Kxf3 a1=Q 57. Qe2+ Qd2 58. Qe5+
Qc3+ 59. Qxc3+ Kxc3 60. Ke4 Qd1 61. Ke3 Qe1+ 62. Kf4 Kd4 63. Kf5 Nc5 64. Kg4
Qf2 65. Kg5 Ke5 66. Kg6 Qg2+ 67. Kh6 Kf5 68. Kh5 Qg5# 0-1

[Event "Hampstead U2200 July 2014"]
[Site "Hampstead, UK"]
[Date "2014.07.06"]
[Round "4"]
[White "Jacob, Sydney"]
[Black "Baroukh, Leon"]
[Result "1-0"]
[WhiteElo "1912"]
[BlackElo "1590"]
[EventType "swiss"]
[EventRounds "5"]

1. d4 d5 2. c4 c6 3. Nc3 Nf6 4. Bg5 Bf5 5. e3 Nbd7 6. Nf3 Bg4 7. cxd5 cxd5 8.
Bd3 e6 9. O-O a6 10. h3 Bh5 11. Rc1 Be7 12. Bf4 O-O 13. g4 Nxg4 14. hxg4 Bxg4
15. Kg2 f5 16. Ne2 Rf6 17. Nh2 Bh5 18. Rg1 g5 19. Be5 Nxe5 20. dxe5 Rh6 21.
Qc2 Bxe2 22. Bxe2 g4 23. Rh1 Bf8 24. Rcg1 Rc8 25. Qd1 Bc5 26. Kf1 Rg6 27. Bd3
h5 28. Nf3 Kf7 29. Rxh5 gxf3 30. Rxg6 Kxg6 31. Qxf3 Bf8 32. Qg4+ Kf7 33. Rh7+
Ke8 34. Qg6# 1-0

[Event "Hampstead U2200 July 2014"]
[Site "Hampstead, UK"]
[Date "2014.07.06"]
[Round "4"]
[White "Gupta, Arul"]
[Black "Cavendish, Joshua"]
[Result "1-0"]
[WhiteElo "1844"]
[BlackElo "1706"]
[EventType "swiss"]
[EventRounds "5"]

1. e4 c6 2. d4 d5 3. exd5 cxd5 4. Bd3 Nf6 5. c3 Nc6 6. Bf4 Bg4 7. Qb3 Qc8 8.
Nd2 e6 9. Ngf3 Be7 10. O-O O-O 11. Ne5 Nxe5 12. dxe5 Nd7 13. Qc2 f5 14. exf6
Nxf6 15. h3 Bh5 16. Rae1 h6 17. Nb3 Ne4 18. Bxe4 Rxf4 19. Bxd5 exd5 20. Rxe7
Qc6 21. Qd2 Raf8 22. Nd4 Qf6 23. Re3 Bf7 24. Rfe1 Bg6 25. f3 Rh4 26. Re6 Qf7
27. Re7 Qf6 28. R1e6 Qg5 29. Qxg5 {#r} 1-0

[Event "Hampstead U2200 July 2014"]
[Site "Hampstead, UK"]
[Date "2014.07.06"]
[Round "4"]
[White "Sheremetyeva, Elizaveta"]
[Black "Modica, Jake"]
[Result "1-0"]
[WhiteElo "1672"]
[BlackElo "1825"]
[EventType "swiss"]
[EventRounds "5"]

1. e4 e6 2. d4 d5 3. e5 c5 4. c3 Qb6 5. Nf3 Nc6 6. a3 Bd7 7. Be2 a5 8. O-O Nh6
9. Bxh6 gxh6 10. Qd2 c4 11. h3 a4 12. Nh2 O-O-O 13. Ng4 Bg7 14. Ne3 Na5 15.
Bd1 Rdg8 16. f4 Qd8 17. Qf2 Nb3 18. Bxb3 cxb3 19. c4 dxc4 20. Nxc4 Bf8 21.
Nbd2 Bc6 22. Nf3 Rg6 23. Ne3 Bxf3 24. Qxf3 Qxd4 25. Kh1 Qa7 26. f5 Rg7 27.
Rac1+ Bc5 28. Nc4 Kb8 29. Nd6 Bxd6 30. exd6 b6 31. Rc7 Qa8 32. Qxa8+ Kxa8 33.
fxe6 {#r} 1-0

[Event "Hampstead U2200 July 2014"]
[Site "Hampstead, UK"]
[Date "2014.07.06"]
[Round "4"]
[White "Mandnikar, Atreya"]
[Black "Yiamakis, Albert"]
[Result "0-1"]
[WhiteElo "1561"]
[BlackElo "1785"]
[EventType "swiss"]
[EventRounds "5"]

1. e4 c5 2. c3 d5 3. exd5 Qxd5 4. d4 Nc6 5. Nf3 Bg4 6. dxc5 Qxd1+ 7. Kxd1
O-O-O+ 8. Nbd2 e6 9. b4 g6 10. Bb2 Bh6 11. Ke1 Bg7 12. Nc4 Bxf3 13. gxf3 Nh6
14. Bh3 Rd7 15. Rd1 Rhd8 16. Rxd7 Rxd7 17. Ke2 Ne7 18. Nd6+ Kb8 19. Nxf7 Nd5
20. Ng5 Nf5 21. Bxf5 exf5 22. Rd1 Nf4+ 23. Ke1 Re7+ 24. Kf1 Bf6 25. Nxh7 Rxh7
26. Bc1 Be5 27. Bxf4 Bxf4 28. Rd8+ Kc7 29. Rg8 Bd2 30. Rxg6 Bxc3 31. b5 Bd4
32. c6 Rxh2 33. cxb7 Rxf2+ 34. Ke1 Rxf3 35. Rd6 Be5 36. Rc6+ Kxb7 37. Ke2 Ra3
38. Rc5 Rxa2+ 39. Ke3 f4+ 40. Kf3 Bc7 41. Rf5 Ra3+ 42. Ke4 Rb3 43. Kd4 Re3 44.
Rf7 Kb6 45. Kc4 Re4+ 46. Kd5 Re5+ 47. Kc4 Rc5+ {#R} 0-1

[Event "Hampstead U2200 July 2014"]
[Site "Hampstead, UK"]
[Date "2014.07.06"]
[Round "4"]
[White "Olutola, Taiwo"]
[Black "Pride, Stephen"]
[Result "1-0"]
[WhiteElo "1538"]
[BlackElo "1776"]
[EventType "swiss"]
[EventRounds "5"]

1. Nf3 b5 2. d4 Bb7 3. c3 e6 4. Bf4 Nf6 5. e3 b4 6. Be2 bxc3 7. bxc3 Nc6 8.
O-O Be7 9. Qc2 Nh5 10. Be5 d6 11. Bg3 Nxg3 12. hxg3 O-O 13. Nbd2 Rb8 14. Rab1
g6 15. Rb2 Ba8 16. Rfb1 Rxb2 17. Rxb2 Bf6 18. Qa4 Qd7 19. e4 h6 20. Bb5 Kh7
21. d5 exd5 22. exd5 Bxc3 23. Rc2 Bxd2 24. Rxd2 Qf5 25. dxc6 Rb8 26. Bd3 Qc5
27. Qf4 f5 28. Rc2 Qd5 29. Qc4 Bxc6 30. Qxd5 Bxd5 31. Rxc7+ Kh8 32. Rxa7 {#r}
1-0

[Event "Hampstead U2200 July 2014"]
[Site "Hampstead, UK"]
[Date "2014.07.06"]
[Round "4"]
[White "Woltery, Nicolai"]
[Black "Anilkumar, Anantha P"]
[Result "0-1"]
[WhiteElo "1592"]
[BlackElo "1738"]
[EventType "swiss"]
[EventRounds "5"]

1. d4 Nf6 2. c4 g6 3. Nc3 d5 4. cxd5 Nxd5 5. e4 Nxc3 6. bxc3 Bg7 7. Nf3 O-O 8.
Rb1 c5 9. Be2 Nc6 10. d5 Ne5 11. c4 Nxf3+ 12. Bxf3 Qa5+ 13. Bd2 Qxa2 14. Qb3
Qxb3 15. Rxb3 Be5 16. Be3 Bd6 17. Kd2 b6 18. Re1 Rd8 19. e5 Bxe5 20. Bxc5 Bf4+
21. Be3 Bd6 22. c5 bxc5 23. Rc3 Bb7 24. Bxc5 e6 25. Kc2 Bxc5 26. Rxc5 Bxd5 27.
Bxd5 Rxd5 28. Rxd5 exd5 29. Re7 a5 30. Rd7 a4 31. Rxd5 a3 32. Kb1 Rb8+ 33. Ka2
Rb2+ 34. Kxa3 Rxf2 35. Rg5 Kg7 36. Kb3 Kf6 37. Rg3 h5 38. h4 Rf4 39. Rh3 Rg4
40. Rf3+ Ke6 41. g3 f5 42. Kc3 Ke5 43. Re3+ Re4 44. Kd3 Kd5 45. Rf3 Rg4 46.
Ke3 Ke5 47. Kd3 f4 48. gxf4+ Rxf4 49. Rg3 Kf5 50. Rh3 Ra4 51. Ke2 Ra2+ 52. Kf1
Kg4 53. Rh1 Ra1+ 54. Kg2 Rxh1 55. Kxh1 Kxh4 56. Kh2 g5 57. Kg2 Kg4 58. Kh2 Kf3
59. Kh3 g4+ 60. Kh2 h4 61. Kh1 Kf2 62. Kh2 g3+ 63. Kh3 g2 64. Kxh4 g1=Q 65.
Kh5 Kf3 66. Kh6 Kf4 67. Kh7 Kf5 68. Kh8 Kf6 69. Kh7 Qg7# 0-1